Inviolability of Diplomatic Premises Recognition of Limitations under Current International Law Regime /

Bibliographic Details
Main Author: Mokrova, Alexandra
Format: eBook
Language:English
Published: Londres: Lambert Academic Publishing, 2019
Subjects:
Online Access:Acceso restringido

MARC

LEADER 00000nam a22000007a 4500
005 20190919224259.0
007 cr|||| ||||
008 190919s2019 uk |||||s|||| 00||0 eng d
020 |a 9786139450640 
035 |a 29657 
040 |a vLex 
090 |c 9598  |d 9598 
100 1 |a Mokrova, Alexandra 
245 1 0 |a Inviolability of Diplomatic Premises  |h [Recurso electrn̤ico] :  |b Recognition of Limitations under Current International Law Regime /  |c Alexandra Mokrova 
256 |a Servicio en ln̕ea 
260 |a Londres:  |b Lambert Academic Publishing,  |c 2019 
300 |a 1 recurso electrn̤ico 
500 |a This monograph deals with one of the oldest and most significant principle of diplomatic law – the inviolability of diplomatic premises. While providing an overview of the system of legal sources related to the aforementioned principle and a brief outline of what constitute diplomatic premises, this monograph primarily focuses on the possible limitations of this type of inviolability under the current international law regime. In particular, scenarios when human rights, national security, diplomatic asylum, abuse of immunity, personal inviolability and other provisions may place limits on the inviolability of diplomatic premises are analysed. In addition, it is suggested that the degree of the inviolability of diplomatic premises should depend on the type of premises and the significance of the diplomatic functions carried out there. Proposals of more formal legal recognition (on the national and international levels) of the existing limitations on the inviolability of diplomatic premises are also provided. 
506 1 |a Disponible solo en los productos indicados  |d vLex Global  |d vLex Global (Academic Edition, excluding Law Schools)  |d vLex Global (U.S. Academic Edition, Law Schools)  |d vLex Global (U.S. Academic Edition, excluding Law Schools)  |d vLex Global (Academic Edition, Law Schools) 
650 0 4 |a Derecho Internacional  |z Inglaterra 
740 0 |a vLex Libros (Servicio en ln̕ea) 
856 4 0 |u http://vlex.com/source/29657  |z Acceso restringido 
942 |c BOOK 
999 0 |a International right